[Event "BL 2018-19"]
[Site "Berlin"]
[Date "2019.03.02"]
[Round "10.8"]
[White "Sebastian, Dirk"]
[Black "Zumsande, Martin"]
[Result "1-0"]
[WhiteElo "2442"]
[BlackElo "2492"]
[Annotator "TA"]
[PlyCount "105"]
[EventDate "2018.11.10"]
[EventType "team-tourn"]
[EventCountry "GER"]
[SourceTitle "playchess.com"]
[Source "ChessBase"]
[SourceQuality "1"]
[WhiteTeam "Hamburg SK"]
[BlackTeam "Werder Bremen"]

{[%evp 15,105,0,13,8,25,35,31,27,36,29,29,31,20,30,36,24,33,6,28,0,0,0,0,-25,15,-58,-40,-60,-56,-59,-27,-25,-25,-28,0,0,0,-51,-39,-43,-24,-75,-50,-84,-62,-49,-31,-44,-25,-19,34,16,22,0,54,51,129,133,473,465,474,460,558,543,585,235,414,370,509,483,470,400,368,365,323,292,294,259,859,816,763,743,29963,29965,6025,6008,29969,29970,29972,29973,29972,29973]} 1. e4 e6 2. d4 d5 3. Nd2 Be7 4. Ngf3 Nf6 5. e5 Nfd7 6. c3 c5 7. Bd3 Nc6 8. O-O a5 9. a4 {C06: French Tarrasch: 3...Nf6 4 e5 Nfd7 5 Bd3 main lines} (9. Re1 cxd4 10. cxd4 Qb6 11. a4 Nxd4 12. Nxd4 Qxd4 13. Nf3 Qb6 14. Be3 Nc5 15. Bb5+ Bd7 16. Nd4 Bxb5 17. Nxb5 O-O 18. Qg4 Rfc8 {0-1 (33) Naroditsky,D (2631)-So,W (2779) ICC INT 2015}) 9... cxd4 10. cxd4 Nb4 11. Be2 {White is slightly better.} O-O 12. Nb1 f6 13. exf6 Nxf6 14. Nc3 Bd6 $146 ({Predecessor:} 14... Bd7 15. Bb5 Bxb5 16. axb5 Bd6 {1-0 (49) Burnier,D (2298)-Curien,N (2204) Bern 2014}) 15. Bg5 Bd7 16. Bh4 Be8 17. Ne5 Qb6 18. Bg3 Rd8 19. Re1 Bxe5 20. dxe5 (20. Bxe5 $11 Nc6 21. Bb5) 20... Nd7 $1 $15 21. Nb5 Nc5 22. Rc1 Bxb5 23. Bxb5 Ne4 {[%cal Re4f2]} 24. Qe2 Nxg3 25. hxg3 Rf7 26. Rcd1 ({White should play} 26. Qe3 $11 d4 27. Qd2) 26... Rc8 27. Rd2 Rfc7 28. Qe3 (28. Kh2 $11) 28... Qxe3 $17 29. Rxe3 Rc1+ 30. Kh2 {next Bd7 is good for White.} Kf7 31. Rd4 {[#] aiming for Rf3+.} Ke7 {...Nc2 is the strong threat.} 32. Rg4 g6 (32... Rg8 $11) 33. Rh4 $36 {[%mdl 2048] White has the initiative.} h5 34. g4 d4 (34... R1c2 $11) 35. Rf3 Rh8 {[#]} ({Better is} 35... R1c5 $14) 36. g5 $1 $16 Rd1 $2 {[%mdl 8192]} (36... Rf8 $16) 37. Rhf4 $18 {And now Rf7+ would win.} Kd8 38. Rf6 Kc8 39. Rxe6 Rd8 40. Rd6 (40. Rxg6 $142 Re1 41. Rf7) 40... d3 $2 (40... Re1 41. Rf4 (41. Rxg6 Rxe5 42. Bd3 Nxd3 $16) 41... Rxe5 42. Rxd8+ (42. Rdxd4 Rxd4 43. Rxd4 Rxg5 $16) (42. Rfxd4 Rxd6 43. Rxd6 Rxg5 $16) 42... Kxd8) 41. Rff6 Re1 42. f4 Re4 43. Rxd8+ Kxd8 {[%mdl 4096] Endgame KRB-KRN} 44. Rd6+ Ke7 45. g3 ({And not} 45. Rxg6 Rxf4 46. Rd6 Re4 $14) 45... Re2+ 46. Kh3 Rxb2 $2 (46... Re3 47. Bc4 (47. Rxg6 $2 d2 $19) 47... Re4) 47. f5 gxf5 48. g6 {g7 would kill now.} Kf8 49. Rd7 Rc2 50. e6 Nc6 51. Bxc6 {White mates.} Rxc6 52. g7+ Kg8 53. e7 {Accuracy: White = 62%, Black = 36%.} 1-0

[Event "BL 2018-19"]
[Site "Berlin"]
[Date "2019.03.02"]
[Round "10.9"]
[White "Navara, David"]
[Black "Salgado Lopez, Ivan"]
[Result "1-0"]
[WhiteElo "2733"]
[BlackElo "2624"]
[Annotator "TA"]
[PlyCount "47"]
[EventDate "2018.11.10"]
[EventType "team-tourn"]
[EventCountry "GER"]
[SourceTitle "playchess.com"]
[Source "ChessBase"]
[SourceQuality "1"]
[WhiteTeam "Muelheim"]
[BlackTeam "Kiel"]

{[%evp 18,47,28,18,28,0,0,-22,-4,-14,-26,-74,-24,-26,5,12,4,7,-10,-13,187,188,494,474,525,584,552,564,976,929,1172,1162]} 1. e4 e5 2. Nf3 Nc6 3. Bb5 g6 4. c3 a6 5. Ba4 Bg7 6. d4 {C70: Ruy Lopez: 3...a6 4 Ba4, Norwegian and Delayed Schliemann} exd4 7. cxd4 b5 8. Bc2 d6 9. d5 (9. h3 Nf6 10. O-O O-O 11. Nc3 Bb7 12. Re1 Re8 13. Bg5 {0-1 (64) Sevian,S (2647)-Dreev,A (2670) chess.com INT 2019}) 9... Na5 10. O-O {LiveBook: 5 Games} Ne7 11. Bd2 Bxb2 12. Bxa5 {Black must now prevent Bc3.} Bxa1 13. Nc3 $1 Bb2 14. e5 O-O (14... Bxc3 $5 15. Bxc3 dxe5 16. Nxe5 f6 $17) 15. Ne4 {Threatens to win with exd6.} Bb7 ({Wrong is} 15... dxe5 $2 16. d6 $18) 16. Bb3 $146 {Strongly threatening exd6.} ({Predecessor:} 16. Qd2 Bxe5 17. Nxe5 dxe5 {0-1 (33) Dijkhuis,T (2271)-Dambacher,M (2491) Maastricht 2014}) 16... Bxe5 17. Nxe5 dxe5 18. Bc3 Nf5 $2 (18... f6 $11 {and Black has nothing to worry.} 19. d6+ Kh8 20. dxe7 Qxe7) 19. Bxe5 $18 f6 $2 {[#]} (19... a5 {is tougher.}) 20. Bxc7 $1 {[%mdl 512] White is clearly winning.} Qc8 (20... Qxc7 21. d6+) 21. Qa1 Kg7 22. Rc1 Qe8 {[#]} 23. Nxf6 $1 {[%mdl 512]} Rxf6 24. Be5 {Precision: White = 63%, Black = 23%.} 1-0

[Event "BL 2018-19"]
[Site "Berlin"]
[Date "2019.03.02"]
[Round "10.9"]
[White "Leko, Peter"]
[Black "Mamedyarov, Shakhriyar"]
[Result "1/2-1/2"]
[WhiteElo "2679"]
[BlackElo "2790"]
[Annotator "TA"]
[PlyCount "44"]
[EventDate "2018.11.10"]
[EventType "team-tourn"]
[EventCountry "GER"]
[SourceTitle "playchess.com"]
[Source "ChessBase"]
[SourceQuality "1"]
[WhiteTeam "SF Deizisau"]
[BlackTeam "Viernheim"]

{[%evp 25,44,11,11,11,11,11,12,15,32,8,8,8,9,7,0,0,0,0,0,0,2]} 1. d4 Nf6 2. c4 g6 3. g3 c6 4. Bg2 d5 5. cxd5 cxd5 6. Nf3 Bg7 7. Ne5 O-O 8. Nc3 Bf5 9. O-O Ne4 10. Bf4 Nxc3 {D79: Fianchetto Grünfeld: Symmetrical Variation (6 0-0 c6 7 cxd5 cxd5)} 11. bxc3 Nc6 12. Nxc6 (12. Qb3 e6 13. Qxb7 Nxe5 14. Bxe5 Bxe5 15. dxe5 Qa5 16. Qb4 Qxb4 17. cxb4 Rfb8 18. a3 {½-½ (44) Howell,D (2696)-Jones,G (2682) London 2018}) 12... bxc6 13. Qa4 Qd7 {LiveBook: 4 Games} 14. Rac1 Rac8 15. Rfd1 Rfd8 16. c4 Be4 {[#]} 17. f3 $146 ({Predecessor:} 17. Rd2 h5 18. h4 Bxg2 19. Kxg2 {½-½ (25) Bubir,A (2588)-Glazman,M (2544) ICCF email 2008}) 17... Bf5 {The position is equal.} 18. cxd5 cxd5 19. Qxd7 Bxd7 20. Bc7 Re8 21. e3 Bb5 22. Bf1 a6 1/2-1/2

[Event "BL 2018-19"]
[Site "Berlin"]
[Date "2019.03.02"]
[Round "10.10"]
[White "Kryvoruchko, Yuriy"]
[Black "Kamsky, Gata"]
[Result "1/2-1/2"]
[WhiteElo "2698"]
[BlackElo "2666"]
[Annotator "TA"]
[PlyCount "65"]
[EventDate "2018.11.10"]
[EventType "team-tourn"]
[EventCountry "GER"]
[SourceTitle "playchess.com"]
[Source "ChessBase"]
[SourceQuality "1"]
[WhiteTeam "Viernheim"]
[BlackTeam "SF Deizisau"]

{[%evp 13,65,29,42,26,31,14,22,20,41,16,26,14,17,0,12,13,8,16,6,-2,-10,-8,0,-11,-15,-6,-7,-13,-16,-24,0,-19,-13,-19,-8,-25,-26,-29,-42,-49,-54,-35,-8,-42,-4,-8,-11,-4,-8,-58,-3,-3,-3,-3]} 1. e4 e5 2. Nf3 Nf6 3. Nxe5 d6 4. Nf3 Nxe4 5. Nc3 {[%cal Bb1c3,Bc3e2,Be2g3][%mdl 32]} Nf6 6. d4 Be7 7. Bd3 O-O 8. O-O {C42: Petroff Defence: 3 Nxe5 and unusual White 3rd moves} Re8 9. Ne2 Bf8 $146 ({Predecessor:} 9... Nbd7 10. Ng3 Nf8 11. c4 d5 12. c5 Bg4 13. h3 Bxf3 14. Qxf3 Ne6 15. Be3 g6 {1-0 (42) Karjakin,S (2780)-Wang,H (2752) Wijk aan Zee 2013}) 10. Ng3 g6 11. Bf4 Bg7 12. h3 b6 13. a4 a5 14. Qd2 Bb7 15. Bg5 Nbd7 {[%cal Bb8d7,Bd7f8,Bf8e6][%mdl 32]} 16. Bc4 Bxf3 17. gxf3 c6 18. Kg2 d5 19. Bd3 Nf8 20. h4 Ne6 21. c3 Qd6 22. Rh1 c5 23. Bb5 Red8 24. Be3 h5 25. Ne2 Ne8 26. Bd3 cxd4 27. cxd4 Rac8 (27... Rdc8 {feels hotter.} 28. b3 Qd7 29. Bh6 Bf6 30. Bg5 Bxg5 31. hxg5 Nd6) 28. Rag1 Qb4 29. Qxb4 axb4 30. b3 Nd6 31. Bd2 Nf5 ({Black should try} 31... Bxd4 $15 32. Bxb4 Bf6) 32. Bxf5 $1 $11 gxf5 33. Rc1 {Accuracy: White = 38%, Black = 54%.} 1/2-1/2

[Event "BL 2018-19"]
[Site "Berlin"]
[Date "2019.03.02"]
[Round "10.10"]
[White "Khenkin, Igor"]
[Black "Tregubov, Pavel V."]
[Result "1/2-1/2"]
[WhiteElo "2546"]
[BlackElo "2592"]
[Annotator "TA"]
[PlyCount "41"]
[EventDate "2018.11.10"]
[EventType "team-tourn"]
[EventCountry "GER"]
[SourceTitle "playchess.com"]
[Source "ChessBase"]
[SourceQuality "1"]
[WhiteTeam "Kiel"]
[BlackTeam "Muelheim"]

{[%evp 15,41,-9,-9,-7,25,27,8,15,26,6,6,0,20,17,43,29,35,39,39,39,42,26,37,34,38,26,29,29]} 1. d4 Nf6 2. c4 e6 3. Nf3 Bb4+ 4. Nc3 b6 5. e3 Bb7 6. Bd3 O-O 7. O-O d5 8. Bd2 Bd6 9. Re1 $146 {E52: Nimzo-Indian: Rubinstein: 4...0-0 5 Nf3 d5 6 Bd3 b6} ({Predecessor:} 9. cxd5 exd5 10. Qb1 a6 11. b4 Re8 12. a4 Nc6 13. b5 Na5 14. Rc1 Nc4 15. Be1 axb5 16. Nxb5 Bf8 17. Bb4 c5 {0-1 (34) Stern,R (2521)-Navara,D (2737) Germany 2016}) 9... c5 10. cxd5 exd5 11. dxc5 {The position is equal.} Bxc5 12. Ne2 Ne4 13. Bc3 Nxc3 14. Nxc3 Nc6 15. Nxd5 Nb4 16. Nxb4 Bxb4 17. Rf1 Bxf3 18. gxf3 Qf6 19. Qb3 Rad8 20. f4 Qh4 21. Be4 1/2-1/2

[Event "BL 2018-19"]
[Site "Berlin"]
[Date "2019.03.02"]
[Round "10.11"]
[White "Fridman, Daniel"]
[Black "Glud, Jakob Vang"]
[Result "1/2-1/2"]
[WhiteElo "2633"]
[BlackElo "2548"]
[Annotator "TA"]
[PlyCount "44"]
[EventDate "2018.11.10"]
[EventType "team-tourn"]
[EventCountry "GER"]
[SourceTitle "playchess.com"]
[Source "ChessBase"]
[SourceQuality "1"]
[WhiteTeam "Muelheim"]
[BlackTeam "Kiel"]

{[%evp 21,44,0,2,0,6,11,15,10,38,2,31,-1,9,-21,-31,-27,-28,-21,-30,-30,-28,-23,-24,-24,0]} 1. d4 d5 2. c4 e6 3. Nc3 Nf6 4. cxd5 exd5 5. Bg5 Be7 6. e3 Nbd7 7. Bd3 c6 8. Nge2 Nh5 9. Bxe7 Qxe7 10. Qc2 g6 11. O-O-O Nb6 12. h3 {D36: Queen's Gambit Declined: Exchange Variation: Main line (5 Bg5 c6 6 Qc2)} (12. Rde1 Be6 13. f3 O-O-O 14. g4 Ng7 15. Nf4 h5 16. h3 Kb8 17. Rhg1 Qd6 18. Bf1 hxg4 19. hxg4 Rh7 {½-½ (46) Morozevich,A (2724)-Inarkiev,E (2688) Moscow 2014}) 12... Bd7 13. Kb1 Ng7 14. Nf4 {The position is equal.} Bf5 15. Rhe1 (15. Bxf5 {keeps more tension.} Nxf5 16. g4 Nd6 17. Rde1 Ndc4 18. Ka1) 15... O-O-O $146 (15... Bxd3 {feels hotter.} 16. Nxd3 Ne6 17. Ne5 f6 18. Nd3 O-O-O) ({Predecessor:} 15... Bxd3 16. Nxd3 O-O-O 17. Rc1 Kb8 18. Na4 Nxa4 19. Qxa4 Nf5 20. Nc5 Nd6 21. Qb3 Ne4 22. Nd3 Nd2+ {0-1 (22) Bass,J (2073)-Dilleigh,S (2135) Paignton 2013}) 16. Bxf5+ Nxf5 17. Ncxd5 {[%mdl 64] [#] Decoy} Nxd5 18. Nxd5 Rxd5 19. e4 Re8 20. Qc3 {Black has an edge.} Rxd4 21. Rxd4 Nxd4 22. Qxd4 Qd7 1/2-1/2

[Event "BL 2018-19"]
[Site "Berlin"]
[Date "2019.03.02"]
[Round "10.11"]
[White "Bluebaum, Matthias"]
[Black "Korobov, Anton"]
[Result "1/2-1/2"]
[WhiteElo "2620"]
[BlackElo "2703"]
[Annotator "TA"]
[PlyCount "60"]
[EventDate "2018.11.10"]
[EventType "team-tourn"]
[EventCountry "GER"]
[SourceTitle "playchess.com"]
[Source "ChessBase"]
[SourceQuality "1"]
[WhiteTeam "SF Deizisau"]
[BlackTeam "Viernheim"]

{[%evp 25,60,10,10,10,7,8,21,18,27,18,63,45,66,0,0,0,0,0,0,0,0,0,0,0,0,0,4,0,0,0,0,0,0,0,0,0,0]} 1. d4 d5 2. c4 c6 3. Nf3 Nf6 4. Nc3 e6 5. e3 Nbd7 6. Qc2 Bd6 7. Bd3 O-O 8. O-O dxc4 9. Bxc4 b5 10. Be2 Bb7 11. Rd1 Qc7 12. Bd2 Rfe8 {D46: Semi-Slav: 5 e3 Nbd7 6 Bd3, Black avoids the Meran} 13. Rac1 a6 {LiveBook: 15 Games} 14. e4 e5 {[#] Hoping for ...exd4.} 15. Nd5 Qd8 16. Nxf6+ Qxf6 17. Bc3 {[#]} h6 $146 ({Predecessor:} 17... Rad8 18. g3 c5 19. d5 c4 20. Ba5 {½-½ (40) Giri,A (2768)-Shirov,A (2691) Hoogeveen 2014}) 18. b4 Qe7 19. Qb2 (19. dxe5 $14 Nxe5 20. Nd4) 19... a5 $11 {[%cal Ra5b4] The position is equal.} 20. a3 axb4 21. axb4 exd4 22. Nxd4 {[#] aiming for Nf5.} c5 23. Nf5 Qxe4 {[%csl Gb7][%cal Re4g2]} 24. Bf3 Qf4 25. Nxd6 Bxf3 26. gxf3 Qxf3 27. Nxe8 Qg4+ $1 28. Kh1 Qf3+ 29. Kg1 Qg4+ $1 30. Kh1 Qf3+ {Precision: White = 85%, Black = 67%.} 1/2-1/2

[Event "BL 2018-19"]
[Site "Berlin"]
[Date "2019.03.02"]
[Round "10.12"]
[White "Amin, Bassem"]
[Black "Meier, Georg"]
[Result "1/2-1/2"]
[WhiteElo "2709"]
[BlackElo "2622"]
[Annotator "TA"]
[PlyCount "106"]
[EventDate "2018.11.10"]
[EventType "team-tourn"]
[EventCountry "GER"]
[SourceTitle "playchess.com"]
[Source "ChessBase"]
[SourceQuality "1"]
[WhiteTeam "Viernheim"]
[BlackTeam "SF Deizisau"]

{[%evp 9,106,-11,4,-33,-27,-27,-20,-44,-43,-52,-51,-45,-37,-72,-70,-74,-77,-82,-79,-86,-62,-77,-27,-33,-9,-32,-22,-23,-22,-20,-30,-36,-26,-31,-30,-25,-19,-29,-25,-48,-46,-81,-92,-71,-72,-77,-82,-81,-75,-71,-21,-37,-36,-25,-21,-85,-90,-85,-97,-101,-87,-93,-85,-59,-57,-54,-43,-43,-44,-43,-45,-43,-43,-43,-41,-43,-43,-43,-43,-43,-48,-60,-14,-14,-14,-18,0,0,0,0,0,0,0,0,0,0,0,0,0]} 1. e4 e6 2. Qe2 Be7 3. Nf3 d5 4. d3 Nf6 5. g3 b5 {[%cal Bb7b5,Bb5b4][%mdl 32]} (5... b6 6. Bg2 Bb7 7. e5 Nfd7 8. O-O b5 9. c4 bxc4 10. dxc4 Nb6 11. b3 O-O 12. Rd1 a5 13. Be3 N8d7 {1-0 (83) Bologan,V (2654)-Kovalenko,I (2667) Poikovsky 2016}) 6. e5 {C00: French: Unusual White 2nd moves} Nfd7 7. h4 c5 8. Bh3 Nc6 9. O-O $146 ({Predecessor:} 9. Bf4 a5 10. Nbd2 b4 11. Nf1 Ba6 12. N1h2 c4 13. O-O {0-1 (49) Heimrath,R (2266)-Spiess,G (2429) Germany 2013}) 9... h6 10. Re1 b4 11. h5 a5 12. Bf4 a4 13. c4 Nb6 14. Nbd2 Bb7 15. Rac1 Qd7 16. Bg2 Rd8 17. Be3 O-O 18. cxd5 Qxd5 {[%mdl 64] Double Attack} 19. Nc4 Nxc4 20. dxc4 Qe4 21. Qc2 $1 {[%cal Rc2e4]} Qxc2 22. Rxc2 Ba6 23. b3 Rd7 24. Bf4 Rfd8 25. Rd2 {[#]} Na5 $1 26. Rxd7 Rxd7 27. Nd2 {[#]} Bg5 $1 {[%cal Rg5f4]} 28. Bxg5 hxg5 29. Re2 axb3 30. axb3 g4 31. Be4 Rd8 32. Kg2 (32. Kh2 $1 $11) 32... f5 $17 33. exf6 gxf6 34. Bg6 Bb7+ 35. Kf1 Kg7 36. Ke1 Rd6 37. Be4 f5 38. Bxb7 Nxb7 $15 {[%mdl 4096] Endgame KRN-KRN} 39. f3 $1 gxf3 40. Nxf3 Kh6 41. Ne5 Ra6 42. Nd3 Kxh5 43. Nf4+ Kg4 44. Kf2 $1 Nd6 {Hoping for ...Ne4+.} 45. Nxe6 Ne4+ 46. Rxe4+ $1 {[%mdl 64] Remove Defender. The position is equal.} fxe4 47. Nxc5 $11 {KR-KN} Ra3 48. Ke3 Kf5 49. Kd4 Ra1 {aiming for ...Rg1.} 50. g4+ $1 Kf4 {( -> ...Rd1+)} 51. Ne6+ Kf3 52. Ng5+ Kf4 53. Ne6+ Kf3 {Accuracy: White = 72%, Black = 76%.} 1/2-1/2

[Event "BL 2018-19"]
[Site "Berlin"]
[Date "2019.03.02"]
[Round "10.12"]
[White "Hector, Jonny"]
[Black "Beerdsen, Thomas"]
[Result "0-1"]
[WhiteElo "2495"]
[BlackElo "2474"]
[Annotator "TA"]
[PlyCount "170"]
[EventDate "2018.11.10"]
[EventType "team-tourn"]
[EventCountry "GER"]
[SourceTitle "playchess.com"]
[Source "ChessBase"]
[SourceQuality "1"]
[WhiteTeam "Kiel"]
[BlackTeam "Muelheim"]

{[%evp 16,170,25,-5,0,0,4,-24,-12,-18,-30,-16,-20,-14,0,-11,-26,-13,-14,-39,-31,-35,0,-41,-29,-68,-76,-75,-72,-75,-74,-70,-75,-125,-125,-113,-124,-129,-121,-120,-111,-114,-22,-47,-38,-65,-65,-71,-71,-75,-52,-75,-68,-75,-75,-76,-75,-77,-12,-14,-15,-15,-15,-15,-3,-8,-8,-8,-8,-15,-14,-14,-10,-13,-8,-8,-8,-10,0,-57,-57,-57,-57,-57,-57,-57,-57,-57,-57,-57,-57,-57,-57,-57,-63,-64,-64,-64,-64,-64,-64,-71,-71,-71,-71,-537,0,-71,-71,-71,-49,-49,-49,-49,-49,-6234,-6476,-6316,-6223,-6290,-6243,-5966,-5875,-5483,-5483,-2259,-2062,-1653,-1081,-1474,-1437,-1052,-816,-6491,-6103,-2245,-537,-537,-354,-339,-268,-29972,-29972,-29973,-29974,-29976,-8,-29976,-29977,-29977,-29978,-29978,-29979,-29979,-29980,-29980,-29981]} 1. e4 c5 2. Nf3 e6 3. d4 cxd4 4. Nxd4 Nc6 5. Nc3 Qc7 6. f4 a6 7. Nxc6 Qxc6 8. Bd3 b5 9. e5 {LiveBook: 5 Games. Be4 is the strong threat. B47: Sicilian: Taimanov: 5 Nc3 Qc7 6 f4, 6 g3 and 6 Be2} (9. Qe2 Bb7 10. Bd2 Bc5 11. O-O-O Ne7 12. a3 O-O 13. Qh5 f6 14. Rhf1 Rf7 15. g4 b4 16. axb4 Bxb4 17. e5 f5 18. Rg1 Rc8 {0-1 (53) Saric,I (2669)-Harikrishna,P (2744) Riadh 2017}) 9... Bb4 ({Not} 9... Qxg2 $2 10. Be4 $18) 10. O-O Bb7 {[%csl Gb7][%cal Rc6g2]} 11. Be4 $146 {The position is equal.} ({Predecessor:} 11. Qg4 Nh6 12. Qh3 Nf5 13. Bd2 h5 14. Rae1 h4 15. a3 Bc5+ 16. Kh1 Qxg2+ 17. Qxg2 Ng3+ {0-1 (17) Mora Moron,J (2180)-Gallegos,C (2384) Caracas 2014}) 11... Qb6+ 12. Kh1 Bxc3 13. Bxb7 Qxb7 14. bxc3 Nh6 15. Ba3 Nf5 16. Rf3 h5 17. Qd3 Qc6 18. Rd1 Rh6 19. Rh3 Rc8 20. Qf3 Qxf3 21. Rxf3 Rh8 22. Rfd3 d5 23. exd6 Kd7 24. g3 Rc4 {[%mdl 1024] Black has strong compensation.} 25. Bb4 Ra8 26. Rb1 a5 27. Ba3 Rb8 28. Kg2 b4 (28... Kc6 $17) 29. Bc1 Rb6 30. a3 Rxd6 31. axb4 axb4 32. Rxd6+ Kxd6 33. cxb4 Rxc2+ $15 {[%mdl 4096] Endgame KRB-KRN} 34. Kh3 Kc6 35. b5+ Kb6 36. Bb2 f6 ({Black should try} 36... Rc5 $17 37. Ba3 Rxb5) 37. Ba1 $11 Re2 38. Rb3 Rd2 39. Bc3 Rd5 (39... Rf2 {feels hotter.} 40. Bb2 Kb7 41. Rb4 Re2 42. Bc1 Rc2) 40. Rb1 Rc5 41. Ba1 Rc8 42. Re1 Re8 43. Rb1 Ra8 44. Bc3 Ra3 45. Be1 Ra2 46. Bc3 Re2 {Hoping for ...g5.} 47. Rb2 (47. Ba5+ $11 Kxa5 48. b6) 47... Rxb2 $15 48. Bxb2 Kxb5 {KB-KN} 49. g4 hxg4+ 50. Kxg4 Kc6 51. Kh5 Ne7 52. Ba3 Kd7 $1 53. h4 Ke8 54. Kg4 Kf7 55. h5 $1 Nf5 56. Bc5 Kg8 57. Ba3 Kh7 58. Bc5 Kh6 59. Bf8 Ne3+ 60. Kf3 $2 {[%mdl 8192]} (60. Kh4 $17 {nothing else works.}) 60... Nf5 $2 (60... Nd5 $19 {and Black stays clearly on top.} 61. Ke4 Nb6) 61. Kg4 $17 Nd4 $1 62. Bc5 f5+ 63. Kh4 $1 Nf3+ 64. Kg3 Nd2 {And now ...Ne4+ would win.} 65. Bb4 $2 {[%mdl 8192]} (65. Kh4 $15) 65... Ne4+ $19 66. Kh4 Nf6 67. Bd2 Nxh5 68. Bc1 Nf6 69. Bd2 Kg6 70. Bc1 Nd5 71. Bd2 Kf6 72. Bc1 Nb4 73. Bb2+ Kg6 74. Be5 Nd3 75. Bc7 Kf6 (75... Kh6 $142 76. Bd6 g5+ $1 {[%mdl 512]} 77. fxg5+ Kg6) 76. Bd8+ {[#]} Kf7 $1 77. Kg5 Ne1 78. Bc7 $2 (78. Kh4 $19) 78... Nf3+ 79. Kh5 {[#]} e5 $1 80. fxe5 (80. Bxe5 g6+) 80... g6+ {[%cal Bg7g6,Bg6g5,Bg5g4][%mdl 32]} 81. Kh6 {intending e6+!} g5 {Black mates.} 82. e6+ Kxe6 83. Kg6 {[#]} g4 $1 84. Bb8 Nd4 85. Kg5 Ne2 {Precision: White = 53%, Black = 75%.} 0-1

[Event "BL 2018-19"]
[Site "Berlin"]
[Date "2019.03.02"]
[Round "10.13"]
[White "Nielsen, Peter Heine"]
[Black "Maze, Sebastien"]
[Result "1/2-1/2"]
[WhiteElo "2635"]
[BlackElo "2602"]
[Annotator "TA"]
[PlyCount "79"]
[EventDate "2018.11.10"]
[EventType "team-tourn"]
[EventCountry "GER"]
[SourceTitle "playchess.com"]
[Source "ChessBase"]
[SourceQuality "1"]
[WhiteTeam "SF Deizisau"]
[BlackTeam "Viernheim"]

{[%evp 21,79,18,35,33,20,30,36,30,93,84,153,0,0,0,135,137,142,72,79,62,84,74,83,75,66,86,66,34,59,80,70,63,324,131,204,0,0,0,0,0,0,0,0,0,0,0,0,0,0,0,0,0,0,0,0,0,0,0,4,4]} 1. d4 Nf6 2. c4 e6 3. Nf3 Bb4+ 4. Bd2 a5 5. g3 b6 6. Bg2 Bb7 7. O-O O-O 8. Bf4 Be7 9. Nc3 Ne4 10. Nb5 {E16: Queen's Indian: 4 g3 Bb7 5 Bg2 Bb4+} Na6 11. Rc1 d6 {LiveBook: 3 Games} 12. Nd2 $146 {White is slightly better.} ({Predecessor:} 12. a3 f5 13. Nd2 Nxd2 14. Bxb7 Nxf1 15. Qxf1 g5 16. Bd2 c6 17. Bxc6 Rb8 {0-1 (38) Iturrizaga Bonelli,E (2656)-Marin,M (2547) Leon 2012}) 12... Nxd2 13. Bxb7 Nxf1 14. Qxf1 Qd7 (14... Nb4 $11) 15. Qg2 $1 $16 Rad8 (15... d5 $142) 16. Bc6 Qc8 17. Bb7 Qd7 {And now ...Nb4 would win.} 18. Bxa6 {Strongly threatening Bb7.} c6 19. Na3 (19. Nc3 $142) 19... Qa7 20. d5 $1 {[%cal Bd4d5,Bd5c6,Bc6c7][%mdl 32]} Qxa6 21. dxc6 d5 22. c7 $36 {[%mdl 2048] White is on the roll.} Rd7 23. Nb5 $1 a4 24. b3 axb3 25. axb3 Bc5 26. Qf3 f6 $2 {[%mdl 8192] [#]} (26... Re8 $14) 27. Qg4 (27. b4 $1 $18 {[%mdl 512]}) 27... Re8 (27... f5 $16 {was called for.} 28. Qf3 Qa5) 28. h4 $2 (28. cxd5 $18 Rxd5 29. Nc3 (29. Nd6 f5 $16)) 28... dxc4 $11 {The position is equal.} 29. bxc4 Qa8 30. h5 Kf7 31. Qf3 Qxf3 32. exf3 e5 33. Be3 Bxe3 (33... Rc8 {is more complex.} 34. Kf1 Rcxc7 35. Nxc7 Rxc7 36. Ra1 f5) 34. fxe3 {[%mdl 4096] Endgame KRR-KRN} Rc8 35. Kf2 Rcxc7 36. Nxc7 Rxc7 37. Rb1 Rxc4 38. Rxb6 Rc2+ 39. Kf1 h6 40. Rb7+ {Precision: White = 60%, Black = 47%.} 1/2-1/2